Most Liked YouTube Videos - Statistics

General Stats
  • This quiz has been taken 10 times
  • The average score is 6 of 15
Answer Stats
YouTuber Answer % Correct
Justin Bieber Baby
90%
Louis Fonsi Despacito
80%
Pinkfong Kids' Songs & Stories Baby Shark Dance
70%
Ed Sheeran Shape of You
60%
Alan Walker Faded
50%
Maroon 5 Girls Like You
40%
Wiz Khalifa See You Again
40%
HYBE LABELS Boy with Luv
30%
HYBE LABELS Dynamite
30%
officialpsy Gangnam Style
30%
BLACKPINK How You Like That
30%
BLACKPINK Kill This Love
30%
Marshmello Alone
20%
HYBE LABELS DNA
20%
MrBeast Make This Video The Most Liked Video on YouTube
20%
No matching quizzes found
Score Distribution
Percent of People with Each Score
Percentile by Number Answered
Your Score History
You have not taken this quiz